| 000 | 00466 a2200169 4500 | ||
|---|---|---|---|
| 999 |
_c763 _d763 |
||
| 020 | _a0390918601 | ||
| 050 | 0 | 0 | _aRT42 WAN 1970 |
| 100 | 1 |
_aWandelt, Mabel A. _d1917- |
|
| 245 | 1 | 0 |
_aGuide for the beginning researcher _c[by] Mabel A. Wandelt. |
| 264 |
_aNew York _bAppleton _c1970 |
||
| 300 | _axix, 322 p. | ||
| 500 | _aresearch | ||
| 504 | _aIncludes bibliographical references. | ||
| 650 | 0 | _aNursing. | |
| 650 | 0 | _aProblem solving. | |
| 942 |
_2lcc _cBK _h42 _iWAN _kRT |
||